| 000 | 00335nam a2200109Ia 4500 | ||
|---|---|---|---|
| 008 | 171205s9999 xx 000 0 und d | ||
| 020 | _a9781506328720 | ||
| 100 | _aShiel, Tracey K. | ||
| 245 | _aDesigning and Using Performance Tasks Enhancing Student Learning and Assessment | ||
| 260 |
_bSAGE Publications _c2017 |
||
| 300 | _a240 pages | ||
| 999 |
_c347403 _d347403 |
||